| 000 | 00819nam a22002177a 4500 | ||
|---|---|---|---|
| 999 |
_c16657 _d16657 |
||
| 003 | AR-CdUCM | ||
| 008 | 190504b ||||| |||| 00| 0 spa d | ||
| 040 |
_aMUNICIPALIDAD PROVINCIAL DEL CUSCO _cBIBLIOTECA MUNICIPAL DEL CUSCO |
||
| 082 |
_23ed _a327 / _bN653 |
||
| 100 |
_aNicolson, Harold _936230 |
||
| 245 | _aLa diplomacia / | ||
| 260 |
_aMéxico : _bFondo de Cultura Económica, _c1955. |
||
| 300 |
_a210 páginas ; _c17 cm. |
||
| 440 |
_aBreviarios del fondo de cultura económica _936231 |
||
| 505 | _aContenido: Orígenes de la diplomacia organizada -- Desarrollo de la teoría diplomática -- Transición de la vieja a la nieva diplomacia... | ||
| 650 |
_aHistoria _9136 |
||
| 650 |
_aProcedimientos diplomáticos _936232 |
||
| 650 |
_aOrígenes _923017 |
||
| 942 |
_2ddc _cLIBROS |
||
| 945 |
_adavv _d04/05/2019 |
||